Cricket: Best Bowling Figures in a T20i Match - Statistics

General Stats
  • This quiz has been taken 13 times
    8 since last reset
  • The average score is 12 of 22
Answer Stats
For Against Year Figures Answer % Correct
AFG IRE 2017 2.0-1-3-5 Rashid Khan
100%
IND ENG 2017 4.0-0-25-6 Yuzvendra Chahal
100%
SL NZ 2019 4.0-1-6-5 Lasith Malinga
88%
BAN WI 2018 4.0-0-20-5 Shakib Al Hasan
88%
SL ZIM 2012 4.0-2-8-6 Ajantha Mendis
75%
SL AUS 2011 4.0-1-16-6 Ajantha Mendis
75%
IND BAN 2019 3.2-0-7-6 Deepak Chahar
75%
NZ PAK 2010 4.0-1-18-5 Tim Southee
75%
AUS NZ 2021 4.0-0-30-6 Ashton Agar
63%
PAK NZ 2009 3.0-0-6-5 Umar Gul
63%
PAK SA 2013 2.2-0-6-5 Umar Gul
63%
SL NZ 2014 3.3-2-3-5 Rangana Herath
50%
NED SA 2014 4.0-0-19-5 Ahsan Malik
38%
BAN IRE 2012 4.0-1-13-5 Elias Sunny
38%
PAK WI 2016 4.0-0-14-5 Imad Wasim
38%
AFG WI 2019 4.0-0-11-5 Karim Janat
38%
NZ WI 2020 4.0-0-21-5 Lockie Ferguson
38%
SA PAK 2021 4.0-0-17-5 Dwaine Pretorius
25%
WI BAN 2018 4.0-0-15-5 Keemo Paul
25%
SA WI 2010 3.5-0-19-5 Ryan McLaren
25%
AFG KEN 2013 4.0-0-13-5 Samiullah Shinwari
25%
KEN SCO 2010 4.0-0-20-5 Nehemiah Odhiambo
13%
No matching quizzes found
Score Distribution
Percent of People with Each Score
Percentile by Number Answered
Your Score History
You have not taken this quiz since the last reset